How the Indian empire was unmade: A history of borders carved with ink and fire (Record no. 533606)

000 -LEADER
fixed length control field 00599nam a22001457a 4500
008 - FIXED-LENGTH DATA ELEMENTS--GENERAL INFORMATION
fixed length control field 260608b ||||| |||| 00| 0 eng d
100 ## - MAIN ENTRY--PERSONAL NAME
Personal name Saghar, Amol
245 ## - TITLE STATEMENT
Title How the Indian empire was unmade: A history of borders carved with ink and fire
260 ## - PUBLICATION, DISTRIBUTION, ETC. (IMPRINT)
Place of publication, distribution, etc The Book Review
300 ## - PHYSICAL DESCRIPTION
Extent 49(8), Aug, 2025: p.39-41
520 ## - SUMMARY, ETC.
Summary, etc Shattered lands: Five partitions and the making of modern Asia by Sam Dalrymple, William Collins (an imprint of Harper Collins publishers), 2025, 520pp. Rs.799.00. – Reproduced
773 ## - HOST ITEM ENTRY
Main entry heading The Book Review
906 ## - LOCAL DATA ELEMENT F, LDF (RLIN)
Subject DIP BOOK REVIEW
942 ## - ADDED ENTRY ELEMENTS (KOHA)
Item type Articles
Holdings
Withdrawn status Lost status Source of classification or shelving scheme Damaged status Not for loan Permanent location Current location Date acquired Serial Enumeration / chronology Barcode Date last seen Koha item type
          Indian Institute of Public Administration Indian Institute of Public Administration 2026-06-08 49(8), Aug, 2025: p.39-41 AR139088 2026-06-08 Articles

Powered by Koha